000 00634nam a22002057a 4500
005 20251108170837.0
008 250721s9999 xx 000 0 ara d
082 1 4 _a519.52/شعر
100 1 _aأبو الشعر، عبد الرزاق أمين
245 1 0 _aالعينات و تطبيقاتها في البحوث الإجتماعية /
264 1 _aالرياض :
_c[19-].
300 _a470ص
650 1 7 _aالعينات التجميعية
650 1 7 _aالعينات العشوائية
650 1 7 _aالإستدلال
650 1 7 _aالعينات
650 1 7 _aالبيانات
942 _2ddc
_cBK
999 _c50339
_d50339